|
|
|
|
| LEADER |
00000nam0a2200000 4500 |
| 001 |
256637 |
| 005 |
20231031215606.0 |
| 035 |
|
|
|a (RuTPU)RU\TPU\book\279360
|
| 090 |
|
|
|a 256637
|
| 100 |
|
|
|a 20140410d1987 k y0rusy50 ca
|
| 101 |
0 |
|
|a rus
|
| 102 |
|
|
|a BY
|
| 105 |
|
|
|a y z 000zy
|
| 200 |
1 |
|
|a XXVII съезд КПСС и проблемы развития методологии марксизма
|f Д. И. Широканов
|g Академия наук Белорусской ССР (АН БССР), Институт философии и права
|
| 210 |
|
|
|a Минск
|c Наука и техника
|d 1987
|
| 215 |
|
|
|a 72 с.
|
| 333 |
|
|
|a Исключено из фонда НТБ ТПУ
|
| 700 |
|
1 |
|a Широканов
|b Д. И.
|g Дмитрий Иванович
|
| 712 |
0 |
2 |
|a Академия наук Белорусской ССР (АН БССР)
|b Институт философии и права
|
| 801 |
|
1 |
|a RU
|b 63413507
|c 20140410
|
| 801 |
|
2 |
|a RU
|b 63413507
|c 20220309
|g RCR
|
| 942 |
|
|
|c BK
|